| 000 | 01595cam a22004574i 4500 | ||
|---|---|---|---|
| 003 | PE-LiUPU | ||
| 005 | 20250731173001.0 | ||
| 008 | 150623s r 000 0 d | ||
| 020 | _a0801020611 | ||
| 035 | _a(Sirsi) i9780801020612 | ||
| 040 |
_aPE-LiUPU _bspa _cPE-LiUPU _erda _dPE-LiUPU |
||
| 049 | _aPRUA | ||
| 082 | 0 | 4 |
_a230.07 _bT391 _223 |
| 245 | 0 | 0 |
_aTheological education in the evangelical tradition / _ceditado por R. Albert Mohler, Jr. y D.G. Hart. |
| 264 | 1 |
_aGran Rapids, Michigan : _bBaker Books, _c1996. |
|
| 300 |
_a320 páginas ; _c23 centímetros. |
||
| 336 |
_atext _2rdacontent |
||
| 337 |
_aunmediated _2rdamedia |
||
| 338 |
_avolume _2rdacarrier |
||
| 504 | _aIncluye bibliografía. | ||
| 505 | 0 | _aThe evangelical mosaic and theological education. -Spiritual formatio and theological education. -Women and theological education. -Between the church and the academy. -The future of evangelical theological education. | |
| 526 | _aSEG42 | ||
| 526 | _aSEG41 | ||
| 526 | _aSEG40 | ||
| 526 | _aSEG39 | ||
| 526 | _aP94 | ||
| 526 | _aP87 | ||
| 526 | _aP86 | ||
| 526 | _aP85 | ||
| 526 | _aP77 | ||
| 526 | _aP76 | ||
| 526 | _aP35 | ||
| 650 | 1 | 4 |
_aTeología _xEstudio y enseñanza _zHistoria. |
| 650 | 2 | 4 |
_aEvangelismo _xHistoria. |
| 700 | 1 |
_aHart, D. G., _eeditor. |
|
| 700 | 1 |
_aMohler, R. Albert, _d1959- _eeditor. |
|
| 942 |
_2ddc _cBK |
||
| 949 |
_a230.07 T83 _wDEWEY _c1 _i45542 _lCCODEBUL1 _mBUL _r0 _sY _tBOOK _u2015-6-24 _xTEOLOGIA _0COMPRA _o.STAFF. Colección General |
||
| 999 |
_c22405 _d22405 |
||
| 980 |
_81 _gALBERTO SANCHEZ Responsable de Automatización |
||